| 000 -LEADER |
| fixed length control field |
00613nam a22001937a 4500 |
| 005 - DATE AND TIME OF LATEST TRANSACTION |
| control field |
20231213164756.0 |
| 008 - FIXED-LENGTH DATA ELEMENTS--GENERAL INFORMATION |
| fixed length control field |
231213s1989 ru ||||| |||| 00| 0 r d |
| 020 ## - INTERNATIONAL STANDARD BOOK NUMBER |
| International Standard Book Number |
5250009670 |
| 041 ## - LANGUAGE CODE |
| Language code of text/sound track or separate title |
rus |
| 080 ## - UNIVERSAL DECIMAL CLASSIFICATION NUMBER |
| Universal Decimal Classification number |
1(470)+1(37/38) A-79 |
| 100 ## - MAIN ENTRY--PERSONAL NAME |
| Personal name |
Лосев, А.Ф. |
| 9 (RLIN) |
20142 |
| 245 ## - TITLE STATEMENT |
| Title |
Дерзание духа / |
| Statement of responsibility, etc. |
А.Ф. Лосев. |
| 264 ## - PRODUCTION, PUBLICATION, DISTRIBUTION, MANUFACTURE, AND COPYRIGHT NOTICE |
| Place of production, publication, distribution, manufacture |
М.: |
| Name of producer, publisher, distributor, manufacturer |
Политиздат, |
| Date of production, publication, distribution, manufacture, or copyright notice |
1989. |
| 300 ## - PHYSICAL DESCRIPTION |
| Extent |
366 с.; |
| Other physical details |
17 cm. |
| 440 ## - SERIES STATEMENT/ADDED ENTRY--TITLE |
| Title |
Личность мораль воспитание |
| 9 (RLIN) |
20717 |
| 653 ## - INDEX TERM--UNCONTROLLED |
| keyword |
ფილოსოფია |
| 653 ## - INDEX TERM--UNCONTROLLED |
| keyword |
აზროვნება |
| 942 ## - ADDED ENTRY ELEMENTS (KOHA) |
| Source of classification or shelving scheme |
|
| Koha item type |
წიგნი |